Hotel front office: (Record no. 74164)

MARC details
000 -LEADER
fixed length control field 00829nam a22002657a 4500
005 - DATE AND TIME OF LATEST TRANSACTION
control field 20130404112540.0
008 - FIXED-LENGTH DATA ELEMENTS--GENERAL INFORMATION
fixed length control field 130404b xxu||||| |||| 00| 0 eng d
010 ## - LCCN (DPL NO)
LC control number ENG-106791
020 ## - INTERNATIONAL STANDARD BOOK NUMBER
International Standard Book Number 9781259004971
Terms of availability 375.00
020 ## - INTERNATIONAL STANDARD BOOK NUMBER
International Standard Book Number 125900497x
Terms of availability 375.00
035 ## - SYSTEM CONTROL NUMBER
System control number EN-90324
037 ## - SOURCE OF ACQUISITION
Source of stock number/acquisition DBAD / PUB
040 ## - CATALOGING SOURCE
Original cataloging agency dpl
Language of cataloging English
082 ## - DEWEY DECIMAL CLASSIFICATION NUMBER
Classification number 647.94068
100 ## - MAIN ENTRY--PERSONAL NAME
Personal name Andrews, Sudhir
245 ## - TITLE STATEMENT
Title Hotel front office:
Statement of responsibility, etc by Sudhir Andrews
Remainder of title a training manual /
250 ## - EDITION STATEMENT
Edition statement 3rd ed
260 ## - PUBLICATION, DISTRIBUTION, ETC. (IMPRINT)
Place of publication, distribution, etc New Delhi
Name of publisher, distributor, etc Tata McGraw-Hill
Date of publication, distribution, etc 2013
270 ## - ADDRESS
Address P-24, Green Park Extension
City New Delhi
Postal code 110016
300 ## - PHYSICAL DESCRIPTION
Extent xxxv,374p. :
Other physical details ill.
Dimensions 24cm(pbk)
500 ## - GENERAL NOTE
General note Includes bibliographical references
650 ## - SUBJECT ADDED ENTRY--TOPICAL TERM
Topical term or geographic name as entry element Hotel management.
650 ## - SUBJECT ADDED ENTRY--TOPICAL TERM
Topical term or geographic name as entry element Hotel front desk personnel
942 ## - ADDED ENTRY ELEMENTS (KOHA)
Source of classification or shelving scheme Dewey Decimal Classification
Item type English Books
Classification part 647.94068
Call number suffix AND
Holdings
Withdrawn status Lost status Source of classification or shelving scheme Damaged status Not for loan Collection code Home library Current library Date acquired Source of acquisition Cost, normal purchase price Total Checkouts Full call number Barcode Date last seen Copy number Cost, replacement price Koha item type
    Dewey Decimal Classification   Not For Loan Non-fiction D.B.Act.Division D.B.Act.Division 04/04/2013 DBAD/PUB 375.00   647.94068 AND EN-90324 04/04/2013 1 375.00 English Books

© Delhi Public Library
Hit Counter
free hit counter